| 000 | 00421nam a2200169 4500 | ||
|---|---|---|---|
| 001 | 2831 | ||
| 005 | 20181127165859.0 | ||
| 010 | 0 | 0 | _a |
| 020 | 0 | 0 | _a8174460772 |
| 090 | 0 | 0 | _a338.5024658 A8817m 1997 |
| 100 | 0 | 0 | _aAtmanand. |
| 245 | 0 | 0 |
_aManagerial economics / _b _cDr. Atmanand. _h |
| 260 | 0 | 0 |
_aNew Delhi : _bInstitute of Management Technology, _c1997. |
| 300 | 0 | 0 | _a268 p. |
| 650 | 0 | 0 |
_a _x |
| 650 | 0 | 0 |
_aManagerial economics. _x |
| 999 |
_c2267 _d2267 |
||